000 01432cam a22003977a 4500
003 CHAP
005 20220329142334.0
008 000817d2000 mx r 00110 spa d
010 _a82001
011 _a82973
035 _a93481
040 _cCHAP
090 _aFolleto 16019
100 0 0 _aMarañon Pimentel, Boris.
_971234
245 1 0 _aRespuestas institucionales para el manejo de los acuíferos en la cuenca Lerma-Chapala, México
_c/por Boris Marañón- Pimentel y Philippus Wester
260 _aMéxico, D. F. :
_bInstituto Internacional del Manejo del Agua,
_c2000.
300 _a53 p.
410 _aInstituto Internacional del Manejo del Agua
490 0 _aSerie latinoamericana
_v; 17
590 _aBATCH-UPD
_b10
_c20130110
_lUCH01
_h0537
590 _aBATCH-UPD
_b10
_c20130110
_lUCH01
_h2335
590 _aBATCH-UPD
_b10
_c20130410
_lUCH01
_h0218
590 _aBATCH-UPD
_b10
_c20130914
_lUCH01
_h1111
590 _aCONVERSION
_b10
_c20130109
_lUCH01
_h1346
650 1 4 _aAgua subterranea.
_92456
650 1 4 _aCuenca Lerma-Chapala.
_930074
650 1 4 _aCuencas.
_930085
650 1 4 _aCuencas
_xPolítica y programas.
_930087
700 0 _aWester, Philippus.
_9121543
810 0 0 _aInstituto Internacional del Manejo del Agua
_959236
830 0 0 _aSerie latinoamericana
_v; 17
_9104944
901 _aBK
905 _aLilia Sánchez G.
942 _cFOLL
949 _aFolleto 16019
_bBC
_cFOLL
_d934811
_eTS1
_i93481
_sb
999 _c82001
_d82001